| 000 | 01126cam a2200313 a 4500 | ||
|---|---|---|---|
| 999 |
_c128 _d128 |
||
| 001 | (Sirsi) a947898 | ||
| 003 | OSt | ||
| 005 | 20190726142016.0 | ||
| 008 | 130908s2013 nyu d 000 1 eng d | ||
| 020 |
_a9781250049179 _q(pbk.) : |
||
| 020 |
_a1250049172 _q(pbk.) |
||
| 040 |
_aNFN _beng _cTAE |
||
| 042 | _anbic | ||
| 082 | 0 | _aFIC KUE | |
| 100 | 1 |
_aKuehn, Stephanie. _eauthor |
|
| 245 | 1 | 0 |
_aCharm & strange / _cStephanie Kuehn. |
| 246 | 3 | _aCharm and strange. | |
| 250 | _aFirst St. Martin's Griffin Trade Paperback Edition. | ||
| 260 |
_aNew York : _bSt. Martin's Griffin, _c2013. |
||
| 300 |
_a216 p. ; _c21 cm. |
||
| 520 | _aA lonely teenager exiled to a remote Vermont boarding school in the wake of a family tragedy must either surrender his sanity to the wild wolves inside his mind or learn that surviving means more than not dying. | ||
| 521 | 1 | _aAges 13-18. | |
| 650 | 0 |
_aPsychological abuse _vJuvenile fiction. |
|
| 650 | 0 |
_aSex crimes _vJuvenile fiction. |
|
| 650 | 0 |
_aMental illness _vJuvenile fiction. |
|
| 650 | 0 | _aYoung adult fiction. | |
| 651 | 0 |
_aVermont _vJuvenile fiction. |
|
| 942 |
_2ddc _cFIC |
||